Atoms in electromagnetic fields

Kaydedildi:
Detaylı Bibliyografya
Yazar: Cohen-Tannoudji, Claude
Materyal Türü: Kitap
Dil:Vietnamese
Baskı/Yayın Bilgisi: World Scientific 1994
Etiketler: Etiketle
Etiket eklenmemiş, İlk siz ekleyin!
Thư viện lưu trữ: Mạng thư viện Đại học Đà Nẵng
LEADER 00627nam a2200253 4500
001 000021708
003 18156
005 20150423080447.0
008 150423s1994 viesd
020 |c 00 
041 0 |a vie 
082 1 4 |a 539,7  |b CO-C 
100 1 |a Cohen-Tannoudji, Claude 
245 1 0 |a Atoms in electromagnetic fields  |c C. Cohen-Tannoudji 
260 |b World Scientific  |c 1994 
300 |a tr.  |c cm. 
OWN |a LSP 
999 |a From the UDN01 
TYP |a Monograph 
TYP |a Printed language 
980 |a Mạng thư viện Đại học Đà Nẵng